| 000 | 00000nas 2200000za 4500 |
| 001 | 9.506072 |
| 003 | CaOODSP |
| 005 | 20241008101001 |
| 007 | cr ||||||||||| |
| 008 | 150406c20109999oncar pso||||f0 a0eng|d |
| 022 | |a1925-976X |
| 040 | |aCaOODSP|beng |
| 043 | |an-cn--- |
| 086 | 1 |aLo2-1/1E-PDF |
| 110 | 2 |aOffice of the Commissioner of Lobbying of Canada. |
| 245 | 10|aAccess to Information Act |h[electronic resource] : |bannual report / |cOffice of the Commissioner of Lobbying Canada. |
| 246 | 13|aOffice of the Commissioner of Lobbying of Canada, Access to Information Act, annual report. |
| 260 | |aOttawa : |bOffice of the Commissioner of Lobbying of Canada, |c2010- |
| 310 | |aAnnual |
| 362 | 1 |aBegan with 2009/2010. |
| 500 | |aIssued also in French under title: Commissariat au lobbying du Canada, Loi sur l'accès à l'information, rapport annuel. |
| 690 | 07|aAccess to information|2gcpds |
| 775 | 08|tLoi sur l'accès à l'information |w(CaOODSP)9.502474 |